Establishment of Mcveggie stall in Kasiglahan, San Jose, Montalban, Rizal/ (Record no. 79685)

MARC details
000 -LEADER
fixed length control field 02445nam a22002537a 4500
003 - CONTROL NUMBER IDENTIFIER
control field URS
005 - DATE AND TIME OF LATEST TRANSACTION
control field 20240422181656.0
008 - FIXED-LENGTH DATA ELEMENTS--GENERAL INFORMATION
fixed length control field 240422b |||||||| |||| 00| 0 eng d
050 00 - LIBRARY OF CONGRESS CALL NUMBER
Classification number LG 221.R59 C1129
Item number 2023
100 1# - MAIN ENTRY--PERSONAL NAME
Personal name Cabubas, Angela G.
Relator term Researcher
245 10 - TITLE STATEMENT
Title <a href="Establishment of Mcveggie stall in Kasiglahan, San Jose, Montalban, Rizal/">Establishment of Mcveggie stall in Kasiglahan, San Jose, Montalban, Rizal/</a>
Statement of responsibility, etc Angela G. Cabubas; Juvylyn G. Donor, [and] Angela Denice S. Jalop
260 #1 - PUBLICATION, DISTRIBUTION, ETC. (IMPRINT)
Date of publication, distribution, etc 2023
300 ## - PHYSICAL DESCRIPTION
Extent xvi, 162 leaves,
Other physical details illustration,
Dimensions 28cm
336 ## - CONTENT TYPE
Source rdacontent
Content type term text
337 ## - MEDIA TYPE
Source rdamedia
Media type term unmediated
338 ## - CARRIER TYPE
Source rdacarrier
Carrier type term volume
502 ## - DISSERTATION NOTE
Dissertation note Undergraduate Thesis<br/>
Degree type Bachelor of Science in Business Administration Major in Human Resources Management<br/>
Name of granting institution University of Rizal System, Rodriguez, Rizal
Year degree granted 2023
520 ## - SUMMARY, ETC.
Summary, etc Vegetable or "veggie" burgers have become commonplace as meat alternatives, joining the menu alongside hamburgers in restaurants and fast food establishments. They are no longer reserved for individuals who follow vegetarian or vegan diets. In general, you'll get less fat and calories and more fiber in veggle burgers than in their beef counterparts.<br/><br/>McVeggie is a business that offers delicious, healthy and affordable products that are good and will benefit the people especially its customers in terms of making their lives healthy From students, parents and also for those who are on a diet and vegetarian, all of them will benefit from this business. The business name McVeggie came from the name of one of the famous fast food chains in the world which is Mcdo that is very popular in terms of their easy to eat products, specifically the McBurger. To be different from the normal meat and beef patty burgers that McDonalds offers, McVeggie used vegetables, particularly the Soybeans and Banana Blossoms as burger patties, and that's the reason why they have named their business "McVeggie" A burger wherein the patties are made of veggies<br/><br/>Partnership is the type of business ownership wherein all the partners agreed to cooperate to advance their mutual interest, contribute both capital and labor, will be in charge of the business's production and operations. The partners have agreed to share equally all of the resources of the business.<br/>
650 ## - SUBJECT ADDED ENTRY--TOPICAL TERM
Source of heading or term Establishment of Mcveggie stall
700 ## - ADDED ENTRY--PERSONAL NAME
Personal name Donor, Juvylyn G.
Relator term Researcher
700 ## - ADDED ENTRY--PERSONAL NAME
Personal name Jalop, Angela Denice S.
Relator term Researcher
700 ## - ADDED ENTRY--PERSONAL NAME
Personal name Perez, Christopher O.
Relator term Adviser
942 ## - ADDED ENTRY ELEMENTS (KOHA)
Source of classification or shelving scheme Library of Congress Classification
Koha item type Theses and dissertations
Holdings
Withdrawn status Source of classification or shelving scheme Damaged status Not for loan Home library Current library Shelving location Date acquired Total Checkouts Full call number Barcode Date last seen Copy number Price effective from Koha item type
  Library of Congress Classification   Not For Loan Rodriguez College Library Rodriguez College Library Undergraduate Theses 04/22/2024   LG 221.R59 C1129 2023 URSROD-UGT-HRM-0659 04/22/2024 c1 04/22/2024 Theses and dissertations

University of Rizal System
Email us at univlibservices@urs.edu.ph

Visit our Website www.urs.edu.ph/library